Happiness is a choice [videorecording] / (Record no. 7311)
[ view plain ]
| 000 -LEADER | |
|---|---|
| fixed length control field | 00553nam a2200169 4500 |
| 008 - FIXED-LENGTH DATA ELEMENTS--GENERAL INFORMATION | |
| fixed length control field | 020423s1978 enk engY |
| 090 ## - LOCALLY ASSIGNED LC-TYPE CALL NUMBER (OCLC); LOCAL CALL NUMBER (OCLC) | |
| Classification number (OCLC) (R) ; Classification number, CALL (RLIN) (NR) | 201.19 |
| Local cutter number (OCLC) ; Book number/undivided call number, CALL (RLIN) | M66 |
| 100 1# - MAIN ENTRY--PERSONAL NAME | |
| Personal name | Minirth, Frank B. |
| 245 10 - TITLE STATEMENT | |
| Title | Happiness is a choice [videorecording] / |
| Statement of responsibility, etc | by Frank B. Minirth. |
| 260 ## - PUBLICATION, DISTRIBUTION, ETC. (IMPRINT) | |
| Place of publication, distribution, etc | Michigan : |
| Name of publisher, distributor, etc | Baker, |
| Date of publication, distribution, etc | 1978. |
| 300 ## - PHYSICAL DESCRIPTION | |
| Extent | 1 videocassette. |
| 500 ## - GENERAL NOTE | |
| General note | Beta. |
| 500 ## - GENERAL NOTE | |
| General note | Summary: Outlines the symptoms, causes, times and cures of depression. |
| 650 #4 - SUBJECT ADDED ENTRY--TOPICAL TERM | |
| Topical term or geographic name as entry element | Depression. |
| 650 #4 - SUBJECT ADDED ENTRY--TOPICAL TERM | |
| Topical term or geographic name as entry element | Happiness. |
| 951 ## - EQUIVALENCE OR CROSS-REFERENCE-GEOGRAPHIC NAME/AREA NAME [OBSOLETE] [CAN/MARC only] | |
| -- | V-796 |
| -- | 201.19/M66 |
| -- | 070613111058968 |
| -- | 2000-12-21 |
| -- | VT |
| Withdrawn status | Lost status | Damaged status | Not for loan | Home library | Current library | Shelving location | Date acquired | Accession number | Shelving control number | Total Checkouts | Full call number | Date last seen | Price effective from | Koha item type |
|---|---|---|---|---|---|---|---|---|---|---|---|---|---|---|
| BSOP Library | BSOP Library | Video Tapes | 12/21/2000 | V-796 | 127 | 201.19/M66 | 02/23/2013 | 02/23/2013 | Books |
